01272nam a2200241 a 450000100100000000500170001000800410002702000150006804000250008308200160010810000390012424500470016326002100021030000250042049000810044550400300052683000840055604900100064095201290065095201140077995201200089399900170101300002757720200930030933.0110401s2004 dr 000 0 spa d a9945000209 aDO-SdBNPbspacBNPHU axxxxbM662m1 aMimenza Aurrecoechea, Ander95467010aEl mercadeo /cAnder Mimenza Aurrecoechea. aSanto Domingo :bAlianza ONG, Programa de Fortalecimiento de Capacidades de Organizaciones sin Fines de Lucro en Gestión, Marketing y Tecnologías de la Información,c2004.bW. K. Kellogg Foundation,. axiv, 45 p. ;c23 cm.1 aManuales para el fortalecimiento de organizaciones sin fines de lucrovno. 4 aBibliografía : p. 43-45 0aManuales para el fortalecimiento de organizaciones sin fines de lucrov4954671 aBNPHU 001054708DSaGRbGRcCTd2011-07-06iLF1l0oxxxx M662mp27577-30r2020-06-25te. 3w2020-06-25yLFDSZPréstamo en sala 0010718PDaPDbPDcCTd2011-04-01iLF1l0oxxxx M662mp27577-10r2020-06-25w2020-06-25yLFPDZNo se presta 0010718PDaPDbPDcCTd2011-07-06iLF1l0oxxxx M662mp27577-20r2020-06-25te. 2w2020-06-25yLFPDZNo se presta c27069d27069